[Event "African Games Rapid Open 2019"]
[Site "Casablanca"]
[Date "2019.08.26"]
[Round "3.21"]
[White "Naipal, Hoolan"]
[Black "Sang, Ricky"]
[Result "0-1"]
[WhiteElo "1785"]
[BlackElo "1971"]
[Annotator "NA"]
[PlyCount "134"]
[EventDate "2019.08.26"]
[EventType "team-tourn"]
[EventCountry "MAR"]
[SourceTitle "playchess.com"]
[Source "ChessBase"]
[SourceQuality "1"]
[TimeControl "900+10"]

1. e4 {[%emt 0:00:00]} c5 {[%emt 0:00:00]} 2. Nf3 {[%emt 0:00:00]} d6 {[%emt 0:00:00]} 3. d4 {[%emt 0:00:00]} cxd4 {[%emt 0:00:00]} 4. Nxd4 {[%emt 0:00:00]} Nf6 {[%emt 0:00:00]} 5. Nc3 {[%emt 0:00:00]} a6 {[%emt 0:00:00]} 6. g3 {[%emt 0:00:00]} e5 {[%emt 0:00:16]} 7. Nde2 {[%emt 0:00:01]} Be7 {[%emt 0:00:23]} 8. Bg2 {[%emt 0:00:02]} O-O {[%emt 0:00:07]} 9. O-O {[%emt 0:00:02]} b5 {[%emt 0:01:17]} 10. Nd5 {[%emt 0:00:08]} Nxd5 {[%emt 0:00:09]} 11. Qxd5 {[%emt 0:00:02]} Ra7 {[%emt 0:00:10]} 12. a4 {[%emt 0:02:16]} Be6 {[%emt 0:00:54]} 13. Qd1 {[%emt 0:00:36]} b4 {[%emt 0:01:01]} 14. a5 {[%emt 0:00:48]} Nd7 {[%emt 0:01:07]} 15. Be3 {[%emt 0:01:34]} Ra8 {[%emt 0:01:39]} 16. c3 {[%emt 0:02:31]} Qb8 {[%emt 0:01:06]} 17. Qd2 {[%emt 0:03:02]} Nc5 {[%emt 0:00:30]} 18. Bxc5 {[%emt 0:00:23]} dxc5 {[%emt 0:00:02]} 19. cxb4 {[%emt 0:00:09]} Qxb4 {[%emt 0:00:37]} 20. Qxb4 {[%emt 0:00:04]} cxb4 {[%emt 0:00:02]} 21. Rfc1 {[%emt 0:00:25]} Rac8 {[%emt 0:00:19]} 22. h4 {[%emt 0:00:20]} Rfd8 {[%emt 0:00:08]} 23. Rxc8 {[%emt 0:01:02]} Rxc8 {[%emt 0:00:01]} 24. Rc1 {[%emt 0:00:17]} Rxc1+ {[%emt 0:00:15]} 25. Nxc1 {[%emt 0:00:02]} Bd8 {[%emt 0:01:15]} 26. Nd3 {[%emt 0:00:03]} Bxa5 {[%emt 0:00:16]} 27. Nxe5 {[%emt 0:00:02]} Bc7 {[%emt 0:00:32]} 28. Nc6 {[%emt 0:00:17]} a5 {[%emt 0:01:06]} 29. f4 {[%emt 0:02:01]} Bc4 {[%emt 0:01:16]} 30. Ne7+ {[%emt 0:00:40]} Kf8 {[%emt 0:00:16]} 31. Nd5 {[%emt 0:00:03]} Bxd5 {[%emt 0:00:55]} 32. exd5 {[%emt 0:00:02]} a4 {[%emt 0:00:08]} 33. Bf1 {[%emt 0:00:26]} Bb6+ {[%emt 0:02:01]} 34. Kg2 {[%emt 0:00:01]} Bd4 {[%emt 0:00:02]} 35. Bb5 {[%emt 0:00:02]} a3 {[%emt 0:00:06]} 36. bxa3 {[%emt 0:00:01]} bxa3 {[%emt 0:00:01]} 37. Bc4 {[%emt 0:00:04]} f6 {[%emt 0:00:34]} 38. Kf3 {[%emt 0:00:02]} Ke7 {[%emt 0:00:07]} 39. Ke4 {[%emt 0:00:12]} Bf2 {[%emt 0:00:06]} 40. Kf3 {[%emt 0:00:02]} Be1 {[%emt 0:00:04]} 41. Ba2 {[%emt 0:00:22]} Kd6 {[%emt 0:00:03]} 42. h5 {[%emt 0:00:15]} Kc5 {[%emt 0:00:20]} 43. g4 {[%emt 0:00:24]} Kd4 {[%emt 0:00:24]} 44. d6 {[%emt 0:01:47]} Ba5 {[%emt 0:00:14]} 45. d7 {[%emt 0:00:02]} Kc5 {[%emt 0:00:43]} 46. f5 {[%emt 0:00:09]} Kd4 {[%emt 0:00:25]} 47. Be6 {[%emt 0:00:19]} h6 {[%emt 0:00:07]} 48. Ba2 {[%emt 0:00:02]} Kd3 {[%emt 0:00:07]} 49. Be6 {[%emt 0:00:07]} Bc7 {[%emt 0:00:06]} 50. Ba2 {[%emt 0:00:07]} Bd8 {[%emt 0:00:28]} 51. Be6 {[%emt 0:00:04]} Kc2 {[%emt 0:00:46]} 52. Ke4 {[%emt 0:00:18]} Kd2 {[%emt 0:00:11]} 53. Kf3 {[%emt 0:00:08]} Kc2 {[%emt 0:00:07]} 54. Ke4 {[%emt 0:00:02]} Kb2 {[%emt 0:00:17]} 55. Bc4 {[%emt 0:00:11]} a2 {[%emt 0:00:03]} 56. Bxa2 {[%emt 0:00:02]} Kxa2 {[%emt 0:00:02]} 57. Kd5 {[%emt 0:00:02]} Kb3 {[%emt 0:00:13]} 58. Ke6 {[%emt 0:00:01]} Kc4 {[%emt 0:00:04]} 59. Kf7 {[%emt 0:00:05]} Kd5 {[%emt 0:00:03]} 60. Ke8 {[%emt 0:01:19]} Ba5 {[%emt 0:00:03]} 61. d8=Q+ {[%emt 0:00:05]} Bxd8 {[%emt 0:00:01]} 62. Kxd8 {[%emt 0:00:01]} Ke5 {[%emt 0:00:03]} 63. Ke7 {[%emt 0:00:01]} Kf4 {[%emt 0:00:01]} 64. Kf7 {[%emt 0:00:01]} Kxg4 {[%emt 0:00:02]} 65. Kxg7 {[%emt 0:00:02]} Kg5 {[%emt 0:00:02]} 66. Kf7 {[%emt 0:00:49]} Kxf5 {[%emt 0:00:03]} 67. Kg7 {[%emt 0:00:04]} Ke5 0-1

[Event "African Games Rapid Open 2019"]
[Site "Casablanca"]
[Date "2019.08.26"]
[Round "3.23"]
[White "Marie, Patrick"]
[Black "Kouya, Tyeoulou Bernardin F"]
[Result "0-1"]
[WhiteElo "1921"]
[BlackElo "1770"]
[Annotator "NA"]
[PlyCount "90"]
[EventDate "2019.08.26"]
[EventType "team-tourn"]
[EventCountry "MAR"]
[SourceTitle "playchess.com"]
[Source "ChessBase"]
[SourceQuality "1"]
[TimeControl "900+10"]

1. e4 {[%emt 0:00:00]} c5 {[%emt 0:00:00]} 2. Nc3 {[%emt 0:00:00]} e6 {[%emt 0:00:00]} 3. Nf3 {[%emt 0:00:05]} Nc6 {[%emt 0:00:01]} 4. d4 {[%emt 0:00:02]} cxd4 {[%emt 0:00:02]} 5. Nxd4 {[%emt 0:00:02]} Nf6 {[%emt 0:00:12]} 6. Be3 {[%emt 0:00:52]} Be7 {[%emt 0:00:05]} 7. Be2 {[%emt 0:00:43]} O-O {[%emt 0:00:06]} 8. O-O {[%emt 0:00:02]} d6 {[%emt 0:00:12]} 9. Kh1 {[%emt 0:01:07]} a6 {[%emt 0:00:03]} 10. f4 {[%emt 0:00:24]} Qc7 {[%emt 0:00:05]} 11. Bf3 {[%emt 0:00:25]} Bd7 {[%emt 0:00:12]} 12. Nb3 {[%emt 0:04:03]} b5 {[%emt 0:00:24]} 13. a3 {[%emt 0:00:51]} Rac8 {[%emt 0:00:03]} 14. Qd2 {[%emt 0:00:26]} Rfd8 {[%emt 0:00:49]} 15. Qf2 {[%emt 0:00:02]} Qb8 {[%emt 0:00:43]} 16. Rad1 {[%emt 0:00:28]} Be8 {[%emt 0:00:18]} 17. g4 {[%emt 0:00:26]} b4 {[%emt 0:00:12]} 18. axb4 {[%emt 0:00:08]} Nxb4 {[%emt 0:00:03]} 19. Bb6 {[%emt 0:00:41]} Rd7 {[%emt 0:00:16]} 20. g5 {[%emt 0:00:00]} Rb7 {[%emt 0:00:36]} 21. gxf6 {[%emt 0:00:03]} Bxf6 {[%emt 0:00:24]} 22. Bd4 {[%emt 0:00:01]} e5 {[%emt 0:00:26]} 23. Be3 {[%emt 0:00:09]} g6 {[%emt 0:01:28]} 24. fxe5 {[%emt 0:00:46]} Bxe5 {[%emt 0:00:08]} 25. Bd4 {[%emt 0:00:07]} Bxd4 {[%emt 0:01:14]} 26. Rxd4 {[%emt 0:00:26]} Nxc2 {[%emt 0:01:39]} 27. Qxc2 {[%emt 0:01:45]} Rxb3 {[%emt 0:00:04]} 28. Rf2 {[%emt 0:01:21]} Qb6 {[%emt 0:01:32]} 29. Qd2 {[%emt 0:01:04]} Rc6 {[%emt 0:02:01]} 30. Nd5 {[%emt 0:00:26]} Qb7 {[%emt 0:00:57]} 31. Nf6+ {[%emt 0:00:59]} Kf8 {[%emt 0:00:10]} 32. e5 {[%emt 0:00:22]} dxe5 {[%emt 0:00:36]} 33. Nxe8 {[%emt 0:00:46]} exd4 {[%emt 0:00:33]} 34. Nf6 {[%emt 0:00:54]} Rxf3 {[%emt 0:00:50]} 35. Qh6+ {[%emt 0:00:31]} Ke7 {[%emt 0:00:08]} 36. Nd5+ {[%emt 0:00:07]} Kd6 {[%emt 0:01:32]} 37. Rxf3 {[%emt 0:00:15]} Kxd5 {[%emt 0:00:07]} 38. Qg5+ {[%emt 0:00:19]} f5 {[%emt 0:00:21]} 39. Qg2 {[%emt 0:00:01]} Kd6 {[%emt 0:00:21]} 40. Qg3+ {[%emt 0:00:13]} Kd7 {[%emt 0:00:09]} 41. Qe5 {[%emt 0:00:08]} Rc1+ {[%emt 0:00:32]} 42. Kg2 {[%emt 0:00:01]} Qxb2+ {[%emt 0:00:19]} 43. Rf2 {[%emt 0:00:06]} Qb7+ {[%emt 0:00:19]} 44. Kh3 {[%emt 0:00:06]} Rc3+ {[%emt 0:00:07]} 45. Kh4 {[%emt 0:00:06]} Qe4+ {[%emt 0:00:05]} 0-1

[Event "African Games Rapid Open 2019"]
[Site "Casablanca"]
[Date "2019.08.26"]
[Round "4.1"]
[White "Ssegwanyi, Arthur"]
[Black "Adly, Ahmed"]
[Result "0-1"]
[WhiteElo "2335"]
[BlackElo "2636"]
[Annotator "TA"]
[PlyCount "114"]
[EventDate "2019.08.26"]
[EventType "team-tourn"]
[EventCountry "MAR"]
[SourceTitle "playchess.com"]
[Source "ChessBase"]
[SourceQuality "1"]

{[%evp 9,114,48,94,78,97,87,93,91,101,75,90,75,74,-6,56,56,52,51,103,110,120,10,12,26,11,6,42,45,57,0,110,31,132,123,116,124,164,160,421,418,481,499,492,492,492,492,398,0,0,0,0,0,0,0,0,-24,-20,-16,-24,-111,-97,-143,-124,-162,-141,-161,-144,-244,-195,-194,-197,-222,-196,-307,-307,-292,-221,-293,-281,-379,-363,-351,-306,-305,-297,-325,-172,-254,-241,-472,-465,-456,-312,-696,-682,-794,-772,-958,-982,-932,-932,-29982,-29983,-29984,-29985,-29985,-29983]} 1. e4 b6 2. d4 Bb7 3. Nc3 g6 4. Be3 d6 (4... Bg7 5. Qd2 d6 6. Bc4 e6 7. O-O-O a6 8. d5 e5 9. f4 Nd7 10. Nf3 Qe7 11. f5 Ngf6 12. h3 {0-1 (52) Trajkoski,S (2328)-Petrov,S (2135) Struga 2018}) 5. h4 h6 6. Qd2 {B00: Queen's Fianchetto Defence, Nimzowitsch Defence} e6 7. f3 Bg7 8. O-O-O {White is better.} Nd7 {[%cal Bb8d7,Bd7e5,Be5f3][%mdl 32]} 9. Nge2 $146 ({Predecessor:} 9. Nh3 Ne7 10. Kb1 a6 11. g4 b5 12. a3 {1-0 (20) Herzog,K (1805)-Lefebvre,P (2084) LSS email 2008}) 9... a6 10. g4 b5 11. d5 (11. Nf4 $16) 11... exd5 (11... Ne5 $1 $11) 12. Nxd5 $14 Ne5 13. Qc3 Bxd5 (13... Kf8 $14) 14. exd5 $16 ({Worse is} 14. Rxd5 Ne7 $15) 14... Nf6 15. Nf4 (15. h5 $16) 15... Nxf3 $11 16. Be2 Ne5 17. Bd4 $1 {[%cal Rd4e5]} O-O 18. g5 $36 {[%mdl 2048] Black is under pressure.} Nh7 19. Kb1 (19. Qg3 $14) 19... Re8 (19... hxg5 $11 20. hxg5 Qxg5) 20. Rdg1 ({Better is} 20. gxh6 $1 $16 Bxh6 21. Qg3) 20... hxg5 ({Black should try} 20... b4 $14 21. Qg3 (21. Qxb4 $2 c5 $19) 21... Nf3 22. Qxf3 Bxd4) 21. hxg5 $16 Nxg5 22. Qg3 $1 {[%cal Rg3h4] And now Qh4 would win.} Ne4 23. Qh2 Nf6 $2 {[#]} (23... Qf6 $16) 24. Ne6 $1 $18 {[%cal Re6g7][%mdl 512]} fxe6 25. Bxe5 dxe5 26. Rxg6 {White wants to mate with Qh8+.} Kf7 27. Rhg1 Bh8 28. Rxf6+ $2 ({White must play} 28. d6 $1 $18 e4 29. Bh5) 28... Qxf6 $11 29. Rf1 {[#]} Qxf1+ $1 30. Bxf1 exd5 31. Qh7+ Bg7 32. Be2 {aiming for Bh5+.} Re6 {Hoping for ...Rh6.} 33. Qf5+ $1 Ke7 {Threatens to win with ...c6.} 34. Bg4 {[#]} (34. a4 $11 {remains equal.}) 34... Rd6 $1 $17 35. Qg5+ Bf6 36. Qg6 Rh8 {( -> ...Rh1+)} 37. a3 e4 {Strongly threatening ...Bxb2!} 38. Bh5 (38. Qf5 $17) 38... e3 39. Qf7+ Kd8 40. Bf3 Re8 {...e2 is the strong threat.} 41. Qh5 (41. Be2 $142) 41... Re5 $19 42. Qg4 Rde6 {White must now prevent ...e2.} 43. Be2 Kc8 44. Ka2 Kb7 45. Qg8 Re8 46. Qf7 Bg5 47. c3 Kb6 {[#]} (47... R8e7 $142 48. Qg8 c6) 48. Qg6+ (48. a4 $1 {[%mdl 512] was worth a try.}) 48... c6 49. Qf7 $2 (49. Bg4 {was forced.} R8e7 50. a4) 49... Bd8 50. Qf3 a5 {[%cal Ba6a5,Ba5a4][%mdl 32]} 51. Qf7 $2 (51. a4 bxa4 52. Qf4) 51... a4 52. Qf3 Bc7 53. Qf7 Rh8 54. Qf4 Re4 55. Qf7 Rh2 {Black mates.} 56. Qf3 Kb7 57. Kb1 Rf4 {Accuracy: White = 35%, Black = 53%.} 0-1

[Event "African Games Rapid Open 2019"]
[Site "Casablanca"]
[Date "2019.08.26"]
[Round "4.2"]
[White "Amin, Bassem"]
[Black "Kayonde, Andrew"]
[Result "1-0"]
[WhiteElo "2692"]
[BlackElo "2384"]
[Annotator "TA"]
[PlyCount "51"]
[EventDate "2019.08.26"]
[EventType "team-tourn"]
[EventCountry "MAR"]
[SourceTitle "playchess.com"]
[Source "ChessBase"]
[SourceQuality "1"]

{[%evp 14,99,-23,-28,-1,-6,0,-20,-20,-20,-16,-31,-9,-12,-5,-12,-10,-25,0,0,0,0,11,-39,-56,-57,-50,-110,-64,-70,-77,-133,-130,-133,-111,-125,55,60,81,-207,-216,-236,-219,-260,-246,-224,-172,-137,0,0,0,0,0,-16,-3,0,0,-206,-173,-661,29984,29985,29985,29986,29986,592,4133,9,9,9,9,0,0,0,29997,-547,0,0,29997,0,0,0,0,0,119,119,475,472]} 1. e4 c6 2. d3 d5 3. Nd2 e5 4. Ngf3 Bd6 5. g3 Nf6 6. Bg2 O-O 7. O-O Re8 8. b3 Nbd7 {B10: Caro-Kann: 2 d3 and 2 c4} 9. Bb2 dxe4 (9... a5 10. a3 b5 11. d4 dxe4 12. Ng5 Bc7 13. Ndxe4 Nxe4 14. Nxe4 {1-0 (31) Lu,S (2640)-Xu,Y (2522) Xinghua 2018}) 10. dxe4 Qc7 {The position is equal.} 11. a4 a5 12. Qe2 $146 ({Predecessor:} 12. Nc4 Bb4 13. Ne1 b5 14. Nd2 bxa4 15. Nd3 Ba6 16. Rxa4 Bxd3 17. cxd3 {½-½ (25) Gelman,A (2415)-Egin,V (2425) Moscow 1997}) 12... b6 13. Nc4 Ba6 14. Rfd1 Bb4 15. Nh4 b5 16. axb5 Bxb5 17. Nf5 Nb6 18. f4 {[%cal Rf4e5]} Bxc4 19. bxc4 Nbd7 $1 20. Rf1 (20. fxe5 $15 Nxe5 21. Bd4) 20... Bf8 {aiming for ...Qb6+.} 21. Kh1 a4 {[%cal Ba5a4,Ba4a3][%mdl 32]} 22. Rad1 ({Better is} 22. c5) 22... a3 $17 23. Ba1 a2 24. g4 exf4 $2 (24... g6 $17 25. g5 Nh5 26. fxe5 Nxe5) 25. g5 $14 Nxe4 26. Qg4 {Played: Nf5-h6} 1-0

[Event "African Games Rapid Open 2019"]
[Site "Casablanca"]
[Date "2019.08.26"]
[Round "4.3"]
[White "Wanyama, Harold"]
[Black "Traore, Bakary"]
[Result "1-0"]
[WhiteElo "2293"]
[BlackElo "2189"]
[Annotator "NA"]
[PlyCount "73"]
[EventDate "2019.08.26"]
[EventType "team-tourn"]
[EventCountry "MAR"]
[SourceTitle "playchess.com"]
[Source "ChessBase"]
[SourceQuality "1"]
[TimeControl "900+10"]

1. c4 {[%emt 0:00:00]} Nf6 {[%emt 0:00:00]} 2. Nc3 {[%emt 0:00:00]} g6 {[%emt 0:00:00]} 3. e4 {[%emt 0:00:01]} d6 {[%emt 0:00:00]} 4. d4 {[%emt 0:00:12]} Bg7 {[%emt 0:00:00]} 5. f3 {[%emt 0:00:02]} c5 {[%emt 0:00:28]} 6. Be3 {[%emt 0:01:35]} cxd4 {[%emt 0:00:06]} 7. Bxd4 {[%emt 0:00:01]} Nc6 {[%emt 0:00:01]} 8. Be3 {[%emt 0:00:01]} O-O {[%emt 0:00:21]} 9. Nge2 {[%emt 0:00:05]} Ne5 {[%emt 0:00:29]} 10. Nd4 {[%emt 0:00:04]} a6 {[%emt 0:00:42]} 11. Qd2 {[%emt 0:00:05]} Qc7 {[%emt 0:00:01]} 12. b3 {[%emt 0:00:03]} Bd7 {[%emt 0:00:14]} 13. Rc1 {[%emt 0:00:02]} Nc6 {[%emt 0:00:19]} 14. Nd5 {[%emt 0:00:07]} Qd8 {[%emt 0:00:35]} 15. Nxc6 {[%emt 0:00:31]} bxc6 {[%emt 0:00:37]} 16. Bb6 {[%emt 0:02:54]} Qb8 {[%emt 0:00:27]} 17. Nxe7+ {[%emt 0:00:30]} Kh8 {[%emt 0:00:00]} 18. c5 {[%emt 0:00:01]} Re8 {[%emt 0:00:07]} 19. Qxd6 {[%emt 0:00:09]} Qb7 {[%emt 0:00:47]} 20. Rd1 {[%emt 0:00:20]} Nxe4 {[%emt 0:02:13]} 21. Qxd7 {[%emt 0:06:16]} Bc3+ {[%emt 0:00:05]} 22. Ke2 {[%emt 0:00:01]} Ng3+ {[%emt 0:00:03]} 23. Kf2 {[%emt 0:00:00]} Be1+ {[%emt 0:00:03]} 24. Kg1 {[%emt 0:00:22]} Qxd7 {[%emt 0:04:38]} 25. Rxd7 {[%emt 0:00:12]} Nxh1 {[%emt 0:00:04]} 26. Kxh1 {[%emt 0:00:02]} Bh4 {[%emt 0:00:05]} 27. Nxc6 {[%emt 0:00:21]} Re1 {[%emt 0:00:02]} 28. g3 {[%emt 0:00:20]} Rxf1+ {[%emt 0:00:29]} 29. Kg2 {[%emt 0:00:01]} Ra1 {[%emt 0:00:04]} 30. gxh4 {[%emt 0:00:03]} Rxa2+ {[%emt 0:00:01]} 31. Kg3 {[%emt 0:00:02]} Kg8 {[%emt 0:00:20]} 32. Nd4 {[%emt 0:00:10]} Re8 {[%emt 0:00:10]} 33. c6 {[%emt 0:00:18]} Ra1 {[%emt 0:00:14]} 34. c7 {[%emt 0:00:08]} Rc1 {[%emt 0:00:07]} 35. Rd8 {[%emt 0:00:04]} Kf8 {[%emt 0:00:02]} 36. Ba5 {[%emt 0:00:06]} f5 {[%emt 0:00:10]} 37. Ne6+ {[%emt 0:00:09]} 1-0

[Event "African Games Rapid Open 2019"]
[Site "Casablanca"]
[Date "2019.08.26"]
[Round "4.4"]
[White "Bellahcene, Bilel"]
[Black "Arab, Adlane"]
[Result "1-0"]
[WhiteElo "2550"]
[BlackElo "2485"]
[Annotator "ChessBase"]
[PlyCount "43"]
[EventDate "2019.08.26"]
[EventType "team-tourn"]
[EventCountry "MAR"]
[SourceTitle "playchess.com"]
[Source "ChessBase"]
[SourceQuality "1"]
[TimeControl "900+10"]

1. e4 {[%emt 0:00:00]} c5 {[%emt 0:00:00]} 2. Nf3 {[%emt 0:00:00]} Nc6 {[%emt 0:00:00]} 3. b4 {[%emt 0:00:00]} cxb4 {[%emt 0:00:00]} 4. d4 {[%emt 0:00:00]} d5 {[%emt 0:00:09]} 5. exd5 {[%emt 0:00:00]} Qxd5 {[%emt 0:00:03]} 6. c4 {[%emt 0:00:00]} bxc3 {[%emt 0:00:23]} 7. Nxc3 {[%emt 0:00:00]} Qa5 {[%emt 0:00:44]} 8. d5 {[%emt 0:00:01]} Qxc3+ {[%emt 0:00:28]} 9. Bd2 {[%emt 0:00:01]} Qa3 {[%emt 0:01:35]} 10. dxc6 {[%emt 0:00:04]} bxc6 {[%emt 0:00:01]} 11. Qc2 {[%emt 0:00:52]} Bd7 {[%emt 0:00:01]} 12. Ne5 {[%emt 0:00:52]} Nf6 {[%emt 0:00:39]} 13. Nxd7 {[%emt 0:00:16]} Nxd7 {[%emt 0:00:01]} 14. Qxc6 {[%emt 0:00:05]} Rd8 {[%emt 0:00:02]} 15. Bb5 {[%emt 0:02:06]} e6 {[%emt 0:00:17]} 16. O-O {[%emt 0:00:12]} Be7 {[%emt 0:00:26]} 17. Qb7 {[%emt 0:00:59]} a6 {[%emt 0:01:14]} 18. Bc6 {[%emt 0:01:47]} O-O {[%emt 0:01:04]} 19. Bxd7 {[%emt 0:00:01]} Qd6 {[%emt 0:00:02]} 20. Ba4 {[%emt 0:00:17]} Rb8 {[%emt 0:00:08]} 21. Qa7 {[%emt 0:00:05]} Bf6 {[%emt 0:00:04]} 22. Rad1 {[%emt 0:00:32]} 1-0

[Event "African Games Rapid Open 2019"]
[Site "Casablanca"]
[Date "2019.08.26"]
[Round "4.5"]
[White "Mesfin, Leykun"]
[Black "Hamdouchi, Hicham"]
[Result "0-1"]
[WhiteElo "2151"]
[BlackElo "2562"]
[Annotator "ChessBase"]
[PlyCount "102"]
[EventDate "2019.08.26"]
[EventType "team-tourn"]
[EventCountry "MAR"]
[SourceTitle "playchess.com"]
[Source "ChessBase"]
[SourceQuality "1"]
[TimeControl "900+10"]

1. e4 {[%emt 0:00:51]} c5 {[%emt 0:00:00]} 2. Nf3 {[%emt 0:00:07]} Nc6 {[%emt 0:00:00]} 3. d4 {[%emt 0:00:01]} cxd4 {[%emt 0:00:00]} 4. Nxd4 {[%emt 0:00:02]} Qb6 {[%emt 0:00:00]} 5. Nb3 {[%emt 0:00:28]} Nf6 {[%emt 0:00:00]} 6. Nc3 {[%emt 0:00:14]} e6 {[%emt 0:00:00]} 7. Be3 {[%emt 0:00:15]} Qc7 {[%emt 0:00:00]} 8. Be2 {[%emt 0:00:17]} Bb4 {[%emt 0:00:10]} 9. O-O {[%emt 0:02:03]} Bxc3 {[%emt 0:00:10]} 10. bxc3 {[%emt 0:00:02]} Nxe4 {[%emt 0:00:07]} 11. Bf3 {[%emt 0:00:12]} d5 {[%emt 0:00:57]} 12. Bxe4 {[%emt 0:00:23]} dxe4 {[%emt 0:00:02]} 13. Bc5 {[%emt 0:00:05]} b6 {[%emt 0:00:05]} 14. Bd6 {[%emt 0:00:45]} Qd7 {[%emt 0:00:02]} 15. Qd2 {[%emt 0:00:04]} Ne7 {[%emt 0:01:08]} 16. Rfd1 {[%emt 0:00:28]} Nf5 {[%emt 0:01:30]} 17. Qf4 {[%emt 0:02:12]} Nxd6 {[%emt 0:00:02]} 18. Rxd6 {[%emt 0:00:02]} Qe7 {[%emt 0:00:01]} 19. Rad1 {[%emt 0:00:04]} O-O {[%emt 0:00:18]} 20. Qxe4 {[%emt 0:00:04]} Bb7 {[%emt 0:00:02]} 21. Qe3 {[%emt 0:00:39]} Rad8 {[%emt 0:00:24]} 22. Rxd8 {[%emt 0:00:09]} Rxd8 {[%emt 0:00:01]} 23. Rxd8+ {[%emt 0:00:02]} Qxd8 {[%emt 0:00:01]} 24. Qd2 {[%emt 0:00:09]} Qxd2 {[%emt 0:02:39]} 25. Nxd2 {[%emt 0:00:02]} Kf8 {[%emt 0:00:01]} 26. f3 {[%emt 0:00:03]} Ke7 {[%emt 0:00:01]} 27. Kf2 {[%emt 0:00:01]} Kd6 {[%emt 0:00:01]} 28. Ke3 {[%emt 0:00:05]} Kc5 {[%emt 0:00:02]} 29. Kd3 {[%emt 0:00:17]} Ba6+ {[%emt 0:00:43]} 30. Ke3 {[%emt 0:01:11]} Bc4 {[%emt 0:00:40]} 31. a4 {[%emt 0:01:08]} Bd5 {[%emt 0:00:19]} 32. Kd3 {[%emt 0:00:31]} a5 {[%emt 0:00:12]} 33. Nb3+ {[%emt 0:00:44]} Kd6 {[%emt 0:00:02]} 34. c4 {[%emt 0:00:34]} Bc6 {[%emt 0:00:08]} 35. c5+ {[%emt 0:00:05]} Kc7 {[%emt 0:00:21]} 36. cxb6+ {[%emt 0:00:33]} Kxb6 {[%emt 0:00:01]} 37. Nd2 {[%emt 0:00:10]} Bxa4 {[%emt 0:00:08]} 38. Nc4+ {[%emt 0:00:20]} Ka6 {[%emt 0:00:01]} 39. Nd6 {[%emt 0:00:15]} f6 {[%emt 0:00:14]} 40. Ne4 {[%emt 0:00:28]} Kb6 {[%emt 0:00:25]} 41. c4 {[%emt 0:00:12]} Bc6 {[%emt 0:00:08]} 42. Nd2 {[%emt 0:00:35]} a4 {[%emt 0:00:25]} 43. Kc3 {[%emt 0:00:44]} Kc5 {[%emt 0:00:02]} 44. g3 {[%emt 0:00:52]} e5 {[%emt 0:00:11]} 45. f4 {[%emt 0:01:05]} Bg2 {[%emt 0:02:50]} 46. fxe5 {[%emt 0:00:12]} fxe5 {[%emt 0:00:01]} 47. Nb1 {[%emt 0:00:33]} e4 {[%emt 0:00:09]} 48. Na3 {[%emt 0:00:02]} Bf1 {[%emt 0:00:30]} 49. Nc2 {[%emt 0:00:52]} Bxc4 {[%emt 0:00:05]} 50. Ne3 {[%emt 0:00:57]} a3 {[%emt 0:00:38]} 51. Nxc4 {[%emt 0:01:01]} a2 {[%emt 0:00:02] Kd4+} 0-1

[Event "African Games Rapid Open 2019"]
[Site "Casablanca"]
[Date "2019.08.26"]
[Round "4.6"]
[White "Gohil, Mehul"]
[Black "Boudriga, Mohamed Ali"]
[Result "0-1"]
[WhiteElo "2076"]
[BlackElo "2325"]
[Annotator "NA"]
[PlyCount "78"]
[EventDate "2019.08.26"]
[EventType "team-tourn"]
[EventCountry "MAR"]
[SourceTitle "playchess.com"]
[Source "ChessBase"]
[SourceQuality "1"]
[TimeControl "900+10"]

1. d4 {[%emt 0:00:14]} Nf6 {[%emt 0:00:00]} 2. Bg5 {[%emt 0:00:05]} c5 {[%emt 0:00:22]} 3. d5 {[%emt 0:00:03]} Qb6 {[%emt 0:00:04]} 4. Nc3 {[%emt 0:00:06]} Qxb2 {[%emt 0:00:06]} 5. Bd2 {[%emt 0:00:03]} Qb6 {[%emt 0:00:02]} 6. e4 {[%emt 0:00:03]} d6 {[%emt 0:00:01]} 7. f4 {[%emt 0:00:15]} e5 {[%emt 0:00:04]} 8. dxe6 {[%emt 0:00:08]} Bxe6 {[%emt 0:00:20]} 9. Rb1 {[%emt 0:00:26]} Qc7 {[%emt 0:00:05]} 10. Nf3 {[%emt 0:01:09]} a6 {[%emt 0:00:24]} 11. a4 {[%emt 0:00:04]} Be7 {[%emt 0:00:04]} 12. Be2 {[%emt 0:00:30]} O-O {[%emt 0:00:03]} 13. O-O {[%emt 0:00:15]} Nc6 {[%emt 0:01:22]} 14. Ng5 {[%emt 0:01:54]} Bd7 {[%emt 0:00:30]} 15. Be3 {[%emt 0:03:14]} Nb4 {[%emt 0:03:17]} 16. Nf3 {[%emt 0:03:52]} Bc6 {[%emt 0:00:22]} 17. e5 {[%emt 0:00:30]} Ng4 {[%emt 0:00:06]} 18. Bc1 {[%emt 0:00:09]} dxe5 {[%emt 0:00:08]} 19. Ng5 {[%emt 0:01:38]} Nf6 {[%emt 0:02:24]} 20. Bf3 {[%emt 0:01:42]} h6 {[%emt 0:00:13]} 21. Nge4 {[%emt 0:00:09]} Rad8 {[%emt 0:00:31]} 22. Qe2 {[%emt 0:00:06]} exf4 {[%emt 0:00:10]} 23. Bb2 {[%emt 0:00:23]} Rfe8 {[%emt 0:00:05]} 24. Qc4 {[%emt 0:00:42]} Nxc2 {[%emt 0:00:44]} 25. Nd1 {[%emt 0:00:38]} Nd4 {[%emt 0:00:13]} 26. Nxf6+ {[%emt 0:00:16]} Bxf6 {[%emt 0:00:02]} 27. Bh5 {[%emt 0:00:06]} Bd5 {[%emt 0:00:09]} 28. Qd3 {[%emt 0:00:06]} g6 {[%emt 0:00:27]} 29. Bg4 {[%emt 0:00:07]} h5 {[%emt 0:00:03]} 30. Bh3 {[%emt 0:00:02]} c4 {[%emt 0:00:19]} 31. Qa3 {[%emt 0:00:09]} Re2 {[%emt 0:00:22]} 32. Nc3 {[%emt 0:00:08]} Re3 {[%emt 0:00:33]} 33. Qa1 {[%emt 0:00:11]} Bc6 {[%emt 0:00:08]} 34. Rf2 {[%emt 0:00:13]} Rxh3 {[%emt 0:00:30]} 35. gxh3 {[%emt 0:00:04]} Nf3+ {[%emt 0:00:21]} 36. Kf1 {[%emt 0:00:36]} Nd2+ {[%emt 0:00:07]} 37. Kg1 {[%emt 0:00:05]} Nxb1 {[%emt 0:00:24]} 38. Nxb1 {[%emt 0:00:09]} Rd1+ {[%emt 0:00:03]} 39. Rf1 {[%emt 0:00:03]} Qb6+ {[%emt 0:00:01]} 0-1